[Event "Rotterdam Pathena op"]
[Site "Rotterdam"]
[Date "2015.05.07"]
[Round "6"]
[White "Ganguly, Sumit"]
[Black "Samsom, Michel"]
[Result "1-0"]
[WhiteElo "1642"]
[BlackElo "1610"]
[PlyCount "59"]
[EventDate "2015.05.02"]
[EventType "swiss"]
[EventRounds "7"]
[EventCountry "NED"]
[SourceTitle "CBM 166 Extra"]
[Source "ChessBase"]
[SourceDate "2015.06.18"]
[SourceVersion "1"]
[SourceVersionDate "2015.06.18"]
[SourceQuality "1"]

1. e4 c5 2. Nf3 d6 3. d4 cxd4 4. Nxd4 Nf6 5. Bd3 Nc6 6. Nxc6 bxc6 7. 0-0 Qc7 8. Bg5 Nd7 9. Nc3 Ne5 10. Rb1 g6 11. Qd2 h6 12. Bh4 a5 13. f4 Nxd3 14. cxd3 Ba6 15. Rf3 Bg7 16. Rc1 Qb6+ 17. Bf2 Qb4 18. b3 c5 19. Qc2 e6 20. f5 0-0 21. f6 Bh8 22. Qd2 g5 23. h4 g4 24. Qxh6 gxf3 25. gxf3 Bxf6 26. Qxf6 Kh7 27. h5 Rg8+ 28. Kh2 Rg7 29. Be3 Kh8 30. h6 1-0